| 000 | nam a22 a 4500 | ||
|---|---|---|---|
| 999 |
_c344562 _d344562 |
||
| 003 | BLK | ||
| 005 | 20210807090001.0 | ||
| 008 | 180911b bul|||||r ||||||| ||bul|| | ||
| 010 | _a004227 | ||
| 040 | _aBLK | ||
| 041 |
_aFRE _cFRE |
||
| 072 |
_9178367 _aЦ _xРедки и ценни |
||
| 080 |
_aФренска литература _b821.133.1 _x.09 _z821.133.1.09 |
||
| 100 | 1 |
_aFaguet, Emile _eпърви автор _99740 |
|
| 139 | _aFaguet, Emile | ||
| 245 | 0 | 0 |
_aDix-neuvieme siecle _bEtudes litteraires _cEmile Faguet |
| 260 |
_aParis _bSociete Francaise d mprimerie et de Librairie _c1887 _9459532 |
||
| 300 |
_aXII, 454 с. _c18 см |
||
| 380 | _a82 | ||
| 490 |
_aNouvelle Bibliotheque Litteraire _9204526 |
||
| 490 |
_aЧастна колекция - Академик Михаил Арнаудов _gДарение - Основен фонд |
||
| 490 |
_aКолекция Редки и ценни издания _9435080 |
||
| 500 | _aПодчертавания в текста и бележки по полетата : с. 77-156 ; ; Михаил Арнаудов: подпис | ||
| 600 | 1 | 4 |
_9142852 _aШатобриан, Франсоа Рене дьо |
| 600 | 1 | 4 |
_987474 _aЛамартин, Алфонс дьо |
| 600 | 1 | 4 |
_9144868 _aЮго, Виктор |
| 650 | 4 |
_aБиографии _9148657 |
|
| 655 |
_aЛитературознание _9396446 |
||
| 659 | 7 |
_9178164 _aЦ _xРедки и ценни |
|
| 700 | 1 |
_aEmile Faguet _9398050 |
|
| 852 | _aМА 1300 | ||
| 852 |
_aРф 887 _bPROC |
||
| 942 |
_cKNG _n0 _s1 |
||
| 944 |
_aCR _c1996 _kValK |
||
| 999 | _d344562 | ||
| 999 | _d344562 | ||